[Event "Wch U20"]
[Site "Graz"]
[Date "1978.??.??"]
[Round "7"]
[White "Barry, Colm"]
[Black "Restrepo, G."]
[Result "1-0"]
[WhiteElo "2200"]
[BlackElo "2200"]

1.e4 c5 2.Nf3 d6 3.d4 cxd4 4.Nxd4 Nf6 5.Nc3 a6 6.Be3 e5 7.Nb3 Be6 8.Qd2 Be7
9.f3 O-O 10.O-O-O Qc7 11.g4 b5 12.g5 b4 13.Na4 Nfd7 14.Qxb4 Nc6 15.Qd2 Rfc8
16.Kb1 Nb4 17.Rc1 a5 18.c4 Bf8 19.Nc3 Qb7 20.Nd5 Rcb8 21.Rc3 a4 22.Nc1 Nc5
23.Nxb4 Qxb4 24.Nd3 Nxd3 25.Bxd3 Rc8 26.Rhc1 Ra6 27.h4 Rac6 28.R3c2 Qb7 29.Qa5 Ra8
30.Qd2 Be7 31.Qe2 Rb8 32.f4 exf4 33.Bxf4 Rbc8 34.Qg2 Qa6 35.Qd2 Qb7 36.Qe2 Qb4
37.Bd2 Qc5 38.Qe3 Qe5 39.Qf4 f6 40.Qxe5 dxe5 41.Be3 fxg5 42.hxg5 Bc5 43.Bxc5 Rxc5
44.b4 axb3 45.axb3 Rb8 46.Rb2 Rc7 47.b4 Kf7 48.c5 Bd7 49.b5 Bxb5 50.Bxb5  1-0

[Event "Halle 12th (Women)"]
[Site "Halle"]
[Date "1978.??.??"]
[Round "10"]
[White "Burchardt Hofman, Brigitte"]
[Black "Feustel, Petra"]
[Result "1/2-1/2"]
[WhiteElo "2215"]
[BlackElo "2175"]

1.e4 c5 2.Nf3 d6 3.d4 cxd4 4.Nxd4 Nf6 5.Nc3 a6 6.Be3 Qc7 7.Be2 e6 8.a4 Nc6
9.O-O Be7 10.f4 O-O 11.Qe1 Bd7 12.Rd1 Nxd4 13.Bxd4 Bc6 14.Qg3 g6 15.Qe3 Nd7
16.e5 d5 17.Bd3 Rfe8 18.f5 exf5 19.Bxf5 Nxe5 20.Qxe5 Qxe5 21.Bxe5 Bc5+ 22.Bd4 Bxd4+
23.Rxd4 gxf5 24.Rxf5 Re1+ 25.Kf2 Rc1 26.Rd2 d4 27.Ne2 Rh1 28.h3 Bxa4 29.b3 Bb5
30.Rxd4 Bxe2  1/2-1/2

[Event "Jurmala"]
[Site "Jurmala"]
[Date "1978.??.??"]
[Round "6"]
[White "Gipslis, Aivars"]
[Black "Gufeld, Eduard"]
[Result "1/2-1/2"]
[WhiteElo "2525"]
[BlackElo "2525"]

1.e4 c5 2.Nf3 d6 3.d4 cxd4 4.Nxd4 Nf6 5.Nc3 a6 6.Be3 e6 7.f4 Qc7 8.Qf3 b5
9.Bd3 Bb7 10.O-O Be7 11.Rae1 Nbd7 12.Kh1 b4 13.Nb1 g6 14.Nd2 e5 15.Ne2 O-O
16.f5  1/2-1/2

[Event "Lone Pine op"]
[Site "Lone Pine"]
[Date "1978.??.??"]
[Round "2"]
[White "Arnason, Asgeir T"]
[Black "Morris, Walter D"]
[Result "1/2-1/2"]
[WhiteElo "2350"]
[BlackElo "2325"]

1.e4 c5 2.Nf3 d6 3.d4 cxd4 4.Nxd4 Nf6 5.Nc3 a6 6.Be3 e5 7.Nb3 Be6 8.f3 Nbd7
9.a4 b5 10.Qd2 Be7 11.O-O-O Nb6 12.g4 Nfd7 13.h4 Nc4 14.Bxc4 bxc4 15.Na1 Qa5
16.Kb1 Nb6 17.Nd5 Qxd2 18.Rxd2 Nxd5 19.exd5 Bf5 20.Kc1 Rb8  1/2-1/2

[Event "Osijek"]
[Site "Osijek"]
[Date "1978.??.??"]
[Round "?"]
[White "Sax, Gyula"]
[Black "Tringov, Georgi P"]
[Result "0-1"]
[WhiteElo "2550"]
[BlackElo "2480"]

1.e4 c5 2.Nf3 d6 3.d4 cxd4 4.Nxd4 Nf6 5.Nc3 a6 6.Be3 e6 7.g4 Nc6 8.g5 Nd7
9.Rg1 Qc7 10.f4 b5 11.a3 Rb8 12.Qd2 Nc5 13.b4 Nxd4 14.Qxd4 Nd7 15.Rd1 Bb7
16.Bh3 Rc8 17.Rd3 Qb8 18.Qa7 Nc5 19.Qxb8 Nxd3+ 20.cxd3 Rxb8 21.f5 Bc8 22.Bd4 Bd7
23.Ne2 Rc8 24.Kd2 Rg8 25.Bc3 g6 26.fxe6 fxe6 27.Nf4 Rxc3 28.Kxc3 Bg7+ 29.Kd2 Ke7
30.Ne2 Rf8 31.d4 Rf2  0-1

[Event "AUT-ch"]
[Site "AUT"]
[Date "1979.??.??"]
[Round "9"]
[White "Nagel, Herbert"]
[Black "Danner, Georg"]
[Result "0-1"]
[WhiteElo "2200"]
[BlackElo "2335"]

1.e4 c5 2.Nf3 d6 3.d4 cxd4 4.Nxd4 Nf6 5.Nc3 a6 6.Be3 e5 7.Nb3 Be7 8.f3 Be6
9.Qd2 b5 10.g4 Nbd7 11.O-O-O O-O 12.g5 Nh5 13.Rg1 Nb6 14.Nd5 Nxd5 15.exd5 Bf5
16.Na5 g6 17.b4 f6 18.c4 bxc4 19.Bxc4 fxg5 20.Nc6 Qc7 21.Bxg5 Bxg5 22.Qxg5 Nf4
23.Qe7 Bd7 24.Kb2 Rae8 25.Qh4 Kg7 26.Na5 Nh3 27.Rg2 Rf4 28.Qe1 Rb8 29.Bb3 Rbxb4
30.Nc6 Bxc6 31.Rc2 a5 32.Rxc6 Qd8 33.Ka1 Qf6 34.Rc7+ Kh6 35.Qd2 e4+ 36.Kb1 exf3
37.Rc4 Rxc4 38.Bxc4 f2 39.Bf1 Ng5 40.Qxa5 Ne4 41.Rd3 Rf3 42.Kc2 Rxd3 43.Kxd3 Qf3+
44.Kc2 Qe3 45.Qb4 Qe1 46.a3 Qxf1 47.Qxe4 Qe1 48.Qf4+ Kg7  0-1

[Event "Kecskemet"]
[Site "Kecskemet"]
[Date "1979.??.??"]
[Round "3"]
[White "Perenyi, Bela"]
[Black "Cabrilo, Goran"]
[Result "1/2-1/2"]
[WhiteElo "2310"]
[BlackElo "2320"]

1.e4 c5 2.Nf3 d6 3.d4 cxd4 4.Nxd4 Nf6 5.Nc3 a6 6.Be3 e6 7.g4 h6 8.Qf3 Nbd7
9.Qh3 e5 10.Nf5 g6 11.g5 gxf5 12.exf5 d5 13.gxf6 d4 14.Bc4 Nxf6 15.O-O-O Qd7
16.f4 Qxf5 17.Qxf5 Bxf5 18.fxe5 dxe3 19.exf6 h5 20.Nd5 Rc8 21.Bb3 Bh6 22.Kb1 Be4
23.Rhe1 Bxd5 24.Rxd5 Rc6 25.Rf1 e2 26.Re1 Rxf6 27.Rxe2+ Re6 28.Rxe6+ fxe6
29.Rd6 Bf4 30.Rxe6+ Kd7 31.Rg6 Bxh2 32.Bd5 Kc8 33.Rb6 Rh7 34.c4 h4 35.Kc2 Bg1
36.Rb3 b6 37.Rf3 Kc7 38.Be4 Rg7 39.Rf6 h3 40.Rh6 Rg3  1/2-1/2

[Event "Tirnavia-A"]
[Site "Trnava"]
[Date "1979.??.??"]
[Round "7"]
[White "Plachetka, Jan"]
[Black "Ftacnik, Lubomir"]
[Result "1-0"]
[WhiteElo "2445"]
[BlackElo "2430"]

1.e4 c5 2.Nf3 d6 3.d4 Nf6 4.Nc3 cxd4 5.Nxd4 a6 6.Be3 e5 7.Nf3 Qc7 8.Nd2 Be6
9.Be2 Be7 10.O-O O-O 11.a4 Nbd7 12.a5 Rad8 13.Bf3 Nc5 14.Qe2 d5 15.exd5 Nxd5
16.Bxd5 Bxd5 17.Nxd5 Rxd5 18.Nc4 Ne6 19.c3 Nf4 20.Bxf4 exf4 21.Nb6 Rg5 22.Qf3 Bd8
23.Rfe1 Bf6 24.Nd5 Qc6 25.Rad1 Kh8 26.Rd3 Re5 27.Rxe5 Bxe5 28.Nxf4 Qb5 29.Ne6 Bxh2+
30.Kxh2 Qe5+ 31.Nf4 g5 32.Rd5 Qxf4+ 33.Qxf4 gxf4 34.Rd7 Rb8 35.Rxf7 b6 36.axb6 Rxb6
37.b4 Rc6 38.Ra7 Rxc3 39.Rxa6 Rc2 40.f3 Rb2 41.Ra8+ Kg7 42.Rb8 Kg6 43.b5 Kg5
44.Kh3 Re2 45.b6 Kh5 46.Rh8 Re7 47.Rc8 Rb7 48.Rc5+ Kg6 49.Rb5 h5 50.Kh4 Rd7
51.b7 Rd1 52.Rb6+ Kf5 53.g4+  1-0

[Event "Baerum"]
[Site "Baerum"]
[Date "1980.??.??"]
[Round "2"]
[White "Westerinen, Heikki MJ"]
[Black "Morris, Walter D"]
[Result "1-0"]
[WhiteElo "2470"]
[BlackElo "2380"]

1.e4 c5 2.Nf3 d6 3.d4 cxd4 4.Nxd4 Nf6 5.Nc3 a6 6.Be3 e5 7.Nf3 Qc7 8.a4 Be7
9.a5 Be6 10.Nd5 Nxd5 11.exd5 Bf5 12.c4 Nd7 13.Be2 O-O 14.O-O h6 15.b4 Bh7
16.Nd2 Qd8 17.f3 Bg5 18.Bf2 Nf6 19.Ra2 Re8 20.Re1 e4 21.Bd4 exf3 22.Bxf3 Qd7
23.Nf1 Rxe1 24.Qxe1 Ng4 25.c5 Bf6 26.Bxf6 Nxf6 27.c6 bxc6 28.dxc6 Qc7 29.Re2 d5
30.Bxd5 Qd6 31.Bf3 Rb8 32.Rd2 Qc7 33.Qg3  1-0

[Event "HUN-ch"]
[Site "Budapest"]
[Date "1980.??.??"]
[Round "?"]
[White "Rigo, Janos"]
[Black "Barczay, Laszlo"]
[Result "1-0"]
[WhiteElo "2375"]
[BlackElo "2450"]

1.e4 c5 2.Nf3 d6 3.d4 cxd4 4.Nxd4 Nf6 5.Nc3 a6 6.Be3 e6 7.g4 b5 8.g5 b4 9.gxf6 bxc3
10.fxg7 Bxg7 11.b4 Bb7 12.Rg1 Bf6 13.Qh5 Qe7 14.b5 Bxe4 15.bxa6 d5 16.Rb1 Bg6
17.Qh6 Nd7 18.Rb7 Bxd4 19.Bxd4 e5 20.Bxc3 Qa3 21.Rg3 Qxa2 22.Bxe5  1-0

[Event "HUN-ch"]
[Site "Budapest"]
[Date "1980.??.??"]
[Round "?"]
[White "Horvath, Tamas"]
[Black "Groszpeter, Attila"]
[Result "0-1"]
[WhiteElo "2350"]
[BlackElo "2480"]

1.e4 c5 2.Nf3 d6 3.d4 cxd4 4.Nxd4 Nf6 5.Nc3 a6 6.Be3 e5 7.Nb3 Be7 8.f3 Be6
9.Qd2 Nbd7 10.g4 h6 11.O-O-O b5 12.h4 Nb6 13.Qf2 Nfd7 14.f4 Bxg4 15.Be2 Bxe2
16.Qxe2 b4 17.Nd5 Nxd5 18.Rxd5 Nf6 19.Rdd1 Qc7 20.h5 Rc8 21.Rhg1 Qc4 22.Qh2 Qxe4
23.Rde1 Nd5 24.Kb1 Nxe3 25.Qh3 O-O 26.Rxe3 Qxc2+ 27.Ka1 Bf6 28.fxe5 dxe5
29.Reg3 e4  0-1

[Event "Krasnodar"]
[Site "Krasnodar"]
[Date "1980.??.??"]
[Round "?"]
[White "Tseshkovsky, Vitaly"]
[Black "Arbakov, Valentin"]
[Result "1/2-1/2"]
[WhiteElo "2595"]
[BlackElo "2445"]

1.e4 c5 2.Nf3 d6 3.d4 cxd4 4.Nxd4 Nf6 5.Nc3 a6 6.Be3 e6 7.Be2 Qc7 8.g4 b5
9.g5 Nfd7 10.a3 Bb7 11.f4 Nb6 12.f5 e5 13.Nb3 N8d7 14.Na5 Na4 15.Nxb7 Nxc3
16.bxc3 Qxb7 17.Qd5 Qxd5 18.exd5 h6 19.a4 bxa4 20.gxh6 g6 21.fxg6 Bxh6 22.gxf7+ Kxf7
23.Bxh6 Rxh6 24.Rxa4 Nc5 25.Rg4 Rg6 26.Rf1+ Kg7 27.Rxg6+ Kxg6 28.h4 a5 29.Kd2 a4
30.h5+ Kg5 31.Rg1+ Kf5 32.Rf1+ Kg5 33.Rg1+ Kh6 34.Rg6+ Kh7 35.Rg1 Rg8 36.Rf1 Rg3
37.Rf7+ Kg8 38.Ra7 Ne4+ 39.Kc1 Nxc3 40.Kd2 Ne4+ 41.Ke1 Rg1+ 42.Bf1 Nc5 43.Kf2 Rg7
44.Ra8+ Kh7 45.Bb5 Rg4 46.c4 Kh6 47.Bxa4 Rxc4 48.Bd1 Ne4+ 49.Ke3 Nf6 50.Ra5 Rd4
51.Bf3 Kg5 52.Rb5 Ra4 53.Bd1 Re4+ 54.Kf3 Rd4 55.Bb3 Nxh5 56.Rb6 Nf6 57.Kf2 Kf4
58.Ke1 Ne4 59.Bc2 Kg3 60.Rb3+ Kg2 61.Rb6 Rc4 62.Rc6 Rd4 63.Rb6 Kf3 64.Rb3+ Kf4
65.Rb6 Kg5 66.Bxe4 Rxe4+ 67.Kf2 Rf4+ 68.Ke3 Rf6 69.Rb7 Kf5 70.Rd7 Rh6 71.Rf7+ Kg5
72.Rd7 Rh3+ 73.Ke4 Rh4+ 74.Ke3  1/2-1/2

[Event "Malta ol (Men)"]
[Site "La Valetta"]
[Date "1980.??.??"]
[Round "?"]
[White "Ghinda, Mihail Viorel"]
[Black "Gruenfeld, Yehuda"]
[Result "1-0"]
[WhiteElo "2475"]
[BlackElo "2455"]

1.e4 c5 2.Nf3 d6 3.d4 cxd4 4.Nxd4 Nf6 5.Nc3 a6 6.Be3 Qc7 7.a4 Nc6 8.Nb3 Be6
9.Nd5 Bxd5 10.exd5 Na5 11.Qd3 Nxb3 12.Qxb3 Rc8 13.c3 g6 14.g3 Bg7 15.Bh3 Nd7
16.a5 O-O 17.Ra4 f5 18.O-O Nc5 19.Bxc5 Qxc5 20.Rb4 Qxa5 21.Rxb7 Rc7 22.Qb6 Qxb6
23.Rxb6 Rc5 24.Re1 Bf6 25.Bf1 a5 26.Ra1 Ra8 27.Bb5 Kg7 28.Bc6 Ra7 29.Ra4 e6
30.dxe6 Bd8 31.Rb8 Rxc6 32.Rxd8 Kf6 33.Rd7 Rca6 34.b4 Kxe6 35.Rxa7 Rxa7 36.bxa5 Kd5
37.Kg2 Kc5 38.Kf3 Kb5 39.Ra3 Rxa5 40.Rxa5+ Kxa5 41.Ke3 Kb6 42.Kd4 Kc6 43.c4 Kc7
44.Kd5 Kd7 45.f3 h6 46.f4 Ke7 47.Kc6 Ke6 48.h3 Ke7 49.h4 Ke6 50.h5 g5 51.c5 dxc5
52.Kxc5 gxf4 53.gxf4 Ke7 54.Kd5 Kf6 55.Kd6 Kf7 56.Kd7 Kf8 57.Ke6 Kg7 58.Ke7 Kg8
59.Kf6 Kf8 60.Kg6 Ke7 61.Kxh6 Kf6 62.Kh7  1-0

[Event "Malta ol (Men)"]
[Site "La Valetta"]
[Date "1980.??.??"]
[Round "?"]
[White "Jinguan Qi"]
[Black "Fedder, Steen"]
[Result "1/2-1/2"]
[WhiteElo "2200"]
[BlackElo "2410"]

1.e4 c5 2.Nf3 d6 3.d4 cxd4 4.Nxd4 Nf6 5.Nc3 a6 6.Be3 e6 7.f4 b5 8.Qf3 Bb7
9.Bd3 Nbd7 10.g4 Nc5 11.g5 b4 12.gxf6 bxc3 13.fxg7 Bxg7 14.bxc3 Qa5 15.Bd2 O-O-O
16.Rg1 Rhg8 17.Qe3 Bf6 18.Ke2 Na4 19.Rxg8 Rxg8 20.Rg1 Qh5+ 21.Nf3 Rg4 22.Rxg4 Qxg4
23.Qg1 Qxg1 24.Nxg1 Nxc3+ 25.Bxc3 Bxc3 26.Nf3 h6 27.h4 a5 28.h5 Kc7 29.Nh2 d5
30.e5 f5 31.Bb5 Bb2 32.Nf3 Bc1 33.Nd4 Kb6 34.Bd7 Bxf4 35.Bxe6 Bxe5 36.Nxf5 Bf4
37.c4 dxc4 38.Bxc4 Kc5  1/2-1/2

[Event "Malta ol (Men)"]
[Site "La Valetta"]
[Date "1980.??.??"]
[Round "?"]
[White "Lhagva, Jambaldoo"]
[Black "Georgiev, Krum"]
[Result "0-1"]
[WhiteElo "2330"]
[BlackElo "2455"]

1.e4 c5 2.Nf3 d6 3.d4 cxd4 4.Nxd4 Nf6 5.Nc3 a6 6.Be3 e6 7.f4 b5 8.Bd3 Bb7
9.O-O Nbd7 10.a3 Rc8 11.Kh1 Be7 12.Qf3 Rxc3 13.bxc3 Nc5 14.a4 bxa4 15.Rfb1 Qa8
16.Rb4 O-O 17.Rab1 Bxe4 18.Bxe4 Nfxe4 19.f5 d5 20.Bf4 a3 21.Ra1 Nd7 22.Bg3 e5
23.Ne2 Bxb4 24.cxb4 Qc6 25.Qxa3 Qxc2 26.Qxa6 Qb2 27.Be1 Nb8 28.Qa2 Qxa2 29.Rxa2 d4
30.Kg1 Rc8 31.Ng3 Nd6 32.Ra5 f6 33.Rd5 Nc4 34.b5 g6 35.fxg6 hxg6 36.Ne4 Kf7
37.Nd6+ Nxd6 38.Rxd6 Rc1 39.Kf2 Rb1 40.Ba5 Ke7 41.Rb6 Nd7 42.Rb7 Rb2+ 43.Kf1 e4
44.Bb6 d3 45.Be3 Ke6 46.b6 Ne5  0-1

[Event "Malta ol (Men)"]
[Site "La Valetta"]
[Date "1980.??.??"]
[Round "?"]
[White "Liberzon, Vladimir M"]
[Black "Jakobsen, Ole"]
[Result "1-0"]
[WhiteElo "2545"]
[BlackElo "2410"]

1.e4 c5 2.Nf3 d6 3.d4 cxd4 4.Nxd4 Nf6 5.Nc3 a6 6.Be3 e5 7.Nb3 Be7 8.f3 Be6
9.Qd2 O-O 10.O-O-O Nbd7 11.g4 Nb6 12.h4 Rc8 13.h5 Qc7 14.g5 Nfd7 15.g6 fxg6
16.hxg6 hxg6 17.Qg2 g5 18.Kb1 Nc4 19.Bxc4 Qxc4 20.Bxg5 Bxg5 21.Qxg5 Qc7 22.Rh6 Rfe8
23.Rg1 Nb6 24.Qh5 Kf8 25.Rxe6  1-0

[Event "Makarczyk mem"]
[Site "Lodz"]
[Date "1980.??.??"]
[Round "9"]
[White "Inkiov, Ventzislav"]
[Black "Spassov, Liuben"]
[Result "1/2-1/2"]
[WhiteElo "2435"]
[BlackElo "2450"]

1.e4 c5 2.Nf3 d6 3.d4 cxd4 4.Nxd4 Nf6 5.Nc3 a6 6.Be3 e5 7.Nb3 Be7 8.f3 Be6
9.Nd5 Bxd5 10.exd5 Nbd7 11.c4 O-O 12.Be2 Ne8 13.O-O Bg5 14.f4 Bxf4 15.Bxf4 exf4
16.Rxf4 Ne5 17.Kh1 Nf6 18.Nd4 Ng6 19.Rf1 Qb6 20.b3 Rae8 21.Bf3 Ne5 22.Rc1 Nxf3
23.Nxf3 Re3 24.Qd4 Qxd4 25.Nxd4 Rd8 26.Rfe1 Rxe1+ 27.Rxe1 g6 28.Kg1 Kf8  1/2-1/2

[Event "New York MCC"]
[Site "New York"]
[Date "1980.??.??"]
[Round "9"]
[White "Coudari, Camille"]
[Black "Kastner, Jeffrey"]
[Result "1/2-1/2"]
[WhiteElo "2325"]
[BlackElo "2240"]

1.e4 c5 2.Nf3 d6 3.d4 cxd4 4.Nxd4 Nf6 5.Nc3 a6 6.Be3 e6 7.f4 b5 8.Qf3 Bb7
9.Bd3 Nbd7 10.g4 h6 11.a3 Rc8 12.O-O Rxc3 13.bxc3 Nc5 14.Nb3 Nfxe4 15.Bxc5 Nxc5
16.Qe3 Qb6 17.Nxc5 d5 18.Qe5 Bxc5+ 19.Kg2 d4+ 20.Kh3 Qc6 21.Qe2 dxc3 22.Rae1 O-O
23.a4 b4 24.a5 Rd8 25.Be4 Qxe4 26.Qxe4 Bxe4 27.Rxe4 Rd2 28.Rc1 Bd4 29.Kg3 b3
30.cxb3 c2 31.Rxd4 Rxd4 32.Rxc2 Rd3+ 33.Kf2 Rxb3 34.Rc6 Rb4 35.Kf3 Rb3+ 36.Kf2 Rb4  1/2-1/2

[Event "Rostov"]
[Site "Rostov"]
[Date "1980.??.??"]
[Round "?"]
[White "Epstein, Esther"]
[Black "Bilunova, Rimma I"]
[Result "1-0"]
[WhiteElo "2260"]
[BlackElo "2180"]

1.e4 c5 2.Nf3 d6 3.d4 cxd4 4.Nxd4 Nf6 5.Nc3 a6 6.Be3 e5 7.Nb3 Be6 8.Qd2 Nc6
9.f3 d5 10.exd5 Nxd5 11.Nxd5 Qxd5 12.Qxd5 Bxd5 13.O-O-O O-O-O 14.Bb6 Rd6
15.Bd3 Bxb3 16.axb3 Nd4 17.Ba5 Rc6 18.Kb1 Bc5 19.Rhe1 f6 20.Re4 g6 21.f4 exf4
22.Rxf4 Re8 23.Bc4 Rd6 24.Rff1 Nc6 25.Bc3 Rxd1+ 26.Rxd1 f5 27.h4 Re7 28.Bf6 Re4
29.c3 Be7 30.Bg5 Bxg5 31.hxg5 Ne5 32.Be6+ Kc7 33.Rh1 Rg4 34.Rxh7+ Kb6 35.Bc8 Rxg2
36.Rxb7+ Kc6 37.Re7 Rg1+ 38.Ka2 Kd6 39.Re6+ Kd5 40.c4+ Kd4 41.Bxa6 Nd3 42.Rd6+ Ke3
43.Rxd3+ Kxd3 44.c5+ Kd4 45.c6 Rc1 46.Bc4 Re1 47.c7 Re8 48.Ba6 f4 49.c8=Q Rxc8
50.Bxc8 f3 51.Bh3  1-0

[Event "SWE-ch"]
[Site "?"]
[Date "1980.??.??"]
[Round "?"]
[White "Svenn, Matti"]
[Black "Hammar, Bengt"]
[Result "1-0"]
[WhiteElo "2200"]
[BlackElo "2385"]

1.e4 c5 2.Nf3 d6 3.d4 cxd4 4.Nxd4 Nf6 5.Nc3 a6 6.Be3 e6 7.Be2 Qc7 8.f4 b5
9.Bf3 Bb7 10.e5 dxe5 11.fxe5 Qxe5 12.Qe2 Bxf3 13.Qxf3 Ng4 14.Qxa8 Qxe3+ 15.Nce2 Qf2+
16.Kd1 Bd6 17.Kc1 Qe3+ 18.Kb1 Nf2 19.Re1 Ne4 20.a3 O-O 21.Ka2 Nd7 22.Ng3 Qxd4
23.Qxe4 Qc5 24.Rad1 Bxg3 25.hxg3 Nf6 26.Qd3 h6 27.Rd2 Nd5 28.Qd4 Qc7 29.Re4 Rd8
30.Ka1 Rc8 31.g4 Qa5 32.c3 Nxc3 33.bxc3 Qxa3+ 34.Kb1 Rxc3 35.Re1 Rb3+ 36.Rb2 Rd3
37.Qf2 Qa5 38.Rf1 Ra3 39.Qxf7+ Kh7 40.Qf4 Ra4 41.Qd6 b4 42.Qd3+ Kg8 43.Qc4 Ra1+
44.Kc2 Qa4+ 45.Kd2 Rxf1 46.Qxf1 Qa3 47.Rc2 Qa5 48.Rc8+  1-0

[Event "Tirnavia-A"]
[Site "Trnava"]
[Date "1980.??.??"]
[Round "1"]
[White "Banas, Jan"]
[Black "Ftacnik, Lubomir"]
[Result "1/2-1/2"]
[WhiteElo "2365"]
[BlackElo "2470"]

1.e4 c5 2.Nf3 d6 3.d4 cxd4 4.Nxd4 Nf6 5.Nc3 a6 6.Be3 e5 7.Nb3 Be7 8.f3 Be6
9.Qd2 Nbd7 10.g4 h6 11.O-O-O b5 12.h4 Nb6 13.Kb1 b4 14.Bxb6 Qxb6 15.Nd5 Nxd5
16.exd5 Bd7 17.Re1 Qd8 18.Qh2 Qb6 19.Bd3 O-O-O 20.Qe2 Kb7 21.Qd2 Ka7 22.Qe3 Rhe8
23.Nd2 Qxe3 24.Rxe3 g6 25.Re4 Rb8 26.Rhe1 Bb5 27.Bf1 Bxf1 28.Nxf1 Rb5 29.Ne3 Rc8
30.Rd1 Bd8 31.Rd3 Bb6 32.Rd1 Bxe3 33.Rxe3 Rcc5 34.Red3 Rc4 35.b3 Rf4 36.Rg1 Rc5
37.Kb2 Kb6 38.Rg2 a5 39.a4 Rc7 40.Rg1 Rc5 41.Rg3 Rd4 42.Rxd4 exd4 43.h5 Rxd5
44.hxg6 fxg6 45.f4 Kc6 46.Rf3 Kd7 47.f5 h5 48.f6 Ke8 49.gxh5 gxh5 50.f7+ Kf8
51.Rf4 d3 52.cxd3 Rg5 53.Rf6 Rd5 54.Kc2 h4 55.Rh6 Rd4 56.Rh7 d5 57.Kd2 Rf4
58.Ke3 Rg4 59.Kd2 d4 60.Kc2 Rg2+ 61.Kc1 Rg3 62.Rxh4 Rxd3 63.Kb2 Kxf7 64.Rh5 Rd2+  1/2-1/2

[Event "CSR-ch"]
[Site "Trnava"]
[Date "1980.??.??"]
[Round "8"]
[White "Gross, Stefan"]
[Black "Ftacnik, Lubomir"]
[Result "0-1"]
[WhiteElo "2355"]
[BlackElo "2470"]

1.e4 c5 2.Nf3 d6 3.d4 Nf6 4.Nc3 cxd4 5.Nxd4 a6 6.Be3 e5 7.Nb3 Be7 8.f3 Be6
9.Qd2 Nbd7 10.g4 h6 11.h4 b5 12.a4 b4 13.Nd5 Bxd5 14.exd5 Nb6 15.Bxb6 Qxb6
16.a5 Qd8 17.O-O-O Qb8 18.Be2 Qa7 19.Kb1 Rb8 20.Qd3 Ra8 21.f4 Nd7 22.fxe5 Nxe5
23.Qe4 O-O 24.g5 f5 25.gxf6 Bxf6 26.Nd4 Qc5 27.Nb3 Qc7 28.Rd4 Rae8 29.Rxb4 Nd7
30.Qg2 Nc5 31.Rg1 Rb8 32.Rc4 Qe7 33.Nd4 Qe3 34.c3 Qd2 35.b4 Na4 36.Rc1 Qb2+  0-1

[Event "Tirnavia-A"]
[Site "Trnava"]
[Date "1980.??.??"]
[Round "9"]
[White "Banas, Jan"]
[Black "Schinzel, Wladyslaw"]
[Result "1-0"]
[WhiteElo "2365"]
[BlackElo "2385"]

1.e4 c5 2.Nf3 d6 3.d4 cxd4 4.Nxd4 Nf6 5.Nc3 a6 6.Be3 e6 7.f4 Be7 8.Qf3 Nc6
9.Nb3 Qc7 10.Bd3 O-O 11.O-O Bd7 12.g4 b5 13.g5 Ne8 14.Qh5 g6 15.Qh6 f5 16.exf5 gxf5
17.Nd4 Nd8 18.Bxf5 Rxf5 19.g6 Rf7 20.gxf7+ Nxf7 21.Qh3 Ng7 22.f5 exf5 23.Nd5 Qd8
24.Qg2 Bh4 25.Nxf5 Bxf5 26.Rxf5 Rc8 27.Raf1 Ne5 28.Bh6 Ng6 29.Rf7 Ne6 30.Qg4 Qe8
31.Ne7+ Bxe7 32.Qxe6  1-0

[Event "Wroclaw-A"]
[Site "Wroclaw"]
[Date "1980.??.??"]
[Round "5"]
[White "Skrobek, Ryszard"]
[Black "Danner, Georg"]
[Result "1/2-1/2"]
[WhiteElo "2350"]
[BlackElo "2345"]

1.e4 c5 2.Nf3 d6 3.d4 cxd4 4.Nxd4 Nf6 5.Nc3 a6 6.Be3 e5 7.Nb3 Be7 8.Be2 Be6
9.O-O Nbd7 10.Qd2 b5 11.Bf3 O-O 12.Rfd1 Rc8 13.Nc1 Nb6 14.Nd3 Nc4 15.Qe1 Qa5
16.Bc1 Na3 17.Qd2 b4 18.Nd5 Bxd5 19.bxa3 Bxe4 20.Bxe4 Nxe4 21.Qxb4 Qxb4 22.Nxb4 Nc3
23.Rd3 Ne2+ 24.Kf1 Nxc1 25.Rxc1 Bg5 26.Rcd1 a5 27.Nd5 Rxc2 28.Ne3 Rxa2 29.Nc4 Rc8
30.Nb6 Rcc2 31.Rf3 f6 32.g3 h5 33.Rb1 Rc1+ 34.Rxc1 Bxc1 35.Nc4 a4 36.Rc3 Ra1
37.Ke2 Kf7 38.Kf3 Ke6 39.Rd3 Ra2 40.Rc3 Ra1 41.Rd3 Rb1 42.Rxd6+ Kf5 43.Ra6 Rb3+
44.Kg2 Bxa3 45.Ne3+ Kg6 46.Rxa4 Bc5 47.Nc4 Rc3 48.Nd2 Rc2 49.Rc4 Rxd2 50.Rxc5 h4
51.Rc4 Rd4 52.Rc7 f5 53.Kf3 Ra4 54.Rc8 Kg5 55.Rh8 g6 56.Rh7 Ra3+ 57.Ke2 Ra2+
58.Kf3 Ra3+ 59.Ke2 Ra4 60.Kf3 Rg4 61.Kg2 Kf6 62.Kh3 Kg5 63.Kg2 Ra4  1/2-1/2

[Event "Yerevan"]
[Site "Yerevan"]
[Date "1980.??.??"]
[Round "5"]
[White "Tseshkovsky, Vitaly"]
[Black "Sunye Neto, Jaime"]
[Result "1-0"]
[WhiteElo "2595"]
[BlackElo "2415"]

1.e4 c5 2.Nf3 d6 3.d4 cxd4 4.Nxd4 Nf6 5.Nc3 a6 6.Be3 e5 7.Nb3 Be6 8.Qd2 Nbd7
9.f3 Rc8 10.g4 h6 11.O-O-O b5 12.h4 Nb6 13.Kb1 Be7 14.Bd3 Nfd7 15.g5 h5 16.f4 Bg4
17.f5 b4 18.Nd5 Nxd5 19.exd5 a5 20.Rdf1 a4 21.Nc1 Qa5 22.a3 Qxd5 23.Qxb4 Qc6
24.Bb5 Qxc2+ 25.Ka1 Bxf5 26.Nd3 Qg2 27.Qxa4 Be6 28.Nb4 Qa8 29.Rc1 Rd8 30.Ba7 O-O
31.Bc6 Qc8 32.Nd5 Bxd5 33.Bxd5 Nc5 34.Qd1 g6 35.Bb6 Rd7 36.b4 Qa6 37.bxc5 dxc5
38.Qb3 c4 39.Bxc4 Qb7 40.a4 Ra8 41.Rhd1  1-0

[Event "Yerevan"]
[Site "Yerevan"]
[Date "1980.??.??"]
[Round "9"]
[White "Tseshkovsky, Vitaly"]
[Black "Grigorian, Karen Ashotovich"]
[Result "1-0"]
[WhiteElo "2595"]
[BlackElo "2475"]

1.e4 c5 2.Nf3 d6 3.d4 cxd4 4.Nxd4 Nf6 5.Nc3 a6 6.Be3 e6 7.Be2 Be7 8.f4 O-O
9.O-O Nc6 10.Qe1 Nxd4 11.Bxd4 b5 12.Rd1 Bb7 13.Bf3 b4 14.Na4 Qa5 15.e5 dxe5
16.fxe5 Nd5 17.Nb6 Rad8 18.Kh1 Nxb6 19.Bxb7 Nd5 20.Qe2 Nc7 21.Be4 g6 22.Qf2 Qb5
23.Rd3 Ne8 24.Rf3 Ng7 25.Bd3 Qd5 26.Bb6 Rb8 27.Rxf7 Nf5 28.Rxf8+ Rxf8 29.Qe2 Kg7
30.Rd1 Qxa2 31.b3 Bg5 32.Bc4 Re8 33.g4 Nh6 34.Qe4 Nf7 35.Rf1 Be7 36.Qc6 Rf8
37.Qxe6 Qxc2 38.Rxf7+ Kh6 39.Be3+ Bg5 40.Bxg5+ Kxg5 41.Qf6+  1-0

[Event "Yerevan"]
[Site "Yerevan"]
[Date "1980.??.??"]
[Round "11"]
[White "Mnatsakanian, Eduard A"]
[Black "Sunye Neto, Jaime"]
[Result "1-0"]
[WhiteElo "2425"]
[BlackElo "2415"]

1.e4 c5 2.Nf3 d6 3.d4 cxd4 4.Nxd4 Nf6 5.Nc3 a6 6.Be3 e5 7.Nb3 Be6 8.Qd2 Nbd7
9.f3 Rc8 10.g4 h6 11.O-O-O b5 12.Kb1 Nb6 13.h4 b4 14.Qf2 Nc4 15.Bxc4 Bxc4
16.Na4 Nd7 17.Nb6 Nxb6 18.Bxb6 Qd7 19.g5 h5 20.f4 Qb5 21.Na5 Rb8 22.Nxc4 Qxc4
23.fxe5 dxe5 24.Rd5 Qxe4 25.Rhd1 Be7 26.Bc5 Rb5 27.Qd2 f6 28.Rd8+ Kf7 29.Bxe7 Rxd8
30.Qxd8  1-0

[Event "Yerevan"]
[Site "Yerevan"]
[Date "1980.??.??"]
[Round "14"]
[White "Tseshkovsky, Vitaly"]
[Black "Vitolinsh, Alvis"]
[Result "1-0"]
[WhiteElo "2595"]
[BlackElo "2430"]

1.e4 c5 2.Nf3 d6 3.d4 cxd4 4.Nxd4 Nf6 5.Nc3 a6 6.Be3 e5 7.Nb3 Be6 8.Qd2 Nbd7
9.f3 Nc5 10.O-O-O b5 11.Nxc5 dxc5 12.Qxd8+ Rxd8 13.Rxd8+ Kxd8 14.a4 b4 15.Nb1 a5
16.Nd2 Nd7 17.Bc4 Nb6 18.Bxe6 fxe6 19.Nb3 Kc7 20.Bxc5 Nxa4 21.Be3 Be7 22.Nxa5 Ra8
23.Nc4 Nc3 24.Re1 Nb5 25.Kb1 Nd4 26.Rd1 b3 27.cxb3 Nxb3 28.Nxe5 Bd6 29.Nc4 Bxh2
30.Rd3 Ra4 31.Rc3 Kd8 32.e5 Ke7 33.Nb6 Rb4 34.Ka2 Nd4 35.Nc4 Ra4+ 36.Kb1 Nb5
37.Bc5+ Kd8 38.Rd3+ Kc7 39.b4 Bf4 40.Bb6+ Kc6 41.Ba5 Bg3 42.Rd8 Bf2 43.Kc2 Ra1
44.Rc8+ Kd5 45.Kd3 Bd4 46.Rd8+ Kc6 47.Rg8 g6 48.Rc8+ Kd5 49.Rb8 Rd1+ 50.Nd2 Kc6
51.f4 h5 52.g3 Bg1 53.Rc8+ Kd5 54.Ke2 Ra1 55.Rd8+ Kc6 56.Ne4 Nd4+ 57.Kd2 Ra3
58.Rc8+ Kb5 59.Nc3+ Ka6 60.Bd8 Rb3 61.Rc4 Bf2 62.Be7 Nb5 63.Ne4 Be3+ 64.Kc2 Ra3
65.Kb2 Rd3 66.Rc6+ Ka7 67.Bc5+ Bxc5 68.Nxc5 Rd2+ 69.Kc1 Ra2 70.Rxe6 Nc3 71.Rxg6 Re2
72.Ra6+ Kb8 73.b5  1-0

[Event "Zamardi op"]
[Site "Zamardi"]
[Date "1980.??.??"]
[Round "?"]
[White "Taborov, Boris"]
[Black "Ungureanu, Emil"]
[Result "1/2-1/2"]
[WhiteElo "2380"]
[BlackElo "2370"]

1.e4 c5 2.Nf3 d6 3.d4 cxd4 4.Nxd4 Nf6 5.Nc3 a6 6.Be3 e5 7.Nb3 Be6 8.Qd2 Nbd7
9.f3 Rc8 10.g4 Nb6 11.g5 Nfd7 12.O-O-O Qc7 13.h4 Be7 14.h5 Nc4 15.Bxc4 Qxc4
16.Kb1 b5 17.Rh2 b4  1/2-1/2

[Event "Bangalore"]
[Site "Bangalore"]
[Date "1981.??.??"]
[Round "10"]
[White "Ree, Hans"]
[Black "Parameswaran, Tiruchi N"]
[Result "1/2-1/2"]
[WhiteElo "2510"]
[BlackElo "2320"]

1.e4 c5 2.Nf3 d6 3.d4 cxd4 4.Nxd4 Nf6 5.Nc3 a6 6.Be3 e5 7.Nf3 Be7 8.a4 Be6
9.Ng5 Bg4 10.Be2 Bxe2 11.Qxe2 h6 12.Nf3 Nbd7 13.O-O Rc8 14.Rfd1 Qc7 15.a5 Qc4
16.Qxc4 Rxc4 17.Nd2 Rc6 18.Ra4 Kd8 19.Nc4 Kc8 20.f3 Kb8 21.b3 g5 22.Ne2 Nh5
23.Rd2 Ng7 24.g4 h5 25.h3 hxg4 26.hxg4 Rh6 27.Ra1 Rc8 28.Rad1 Rch8 29.Ng3 Kc7
30.Bf2 Kc6 31.Rd3 Kc7 32.R1d2 R8h7 33.Kf1 Rh8 34.Ne3 Bf8 35.b4 Rh3 36.c4 Ne6
37.c5 Nd4 38.cxd6+ Bxd6 39.Nd5+ Kb8 40.Rc3 Nf8 41.Rdd3 Nfe6 42.Nh5 Rh1+ 43.Kg2 Rb1
44.Rc4 Rc8 45.Rdc3 Rxc4 46.Rxc4 Nc6 47.Nhf6 Kc8  1/2-1/2

[Event "Elekes mem-B"]
[Site "Budapest"]
[Date "1981.??.??"]
[Round "?"]
[White "Szalanczy, Emil"]
[Black "Liangov, Peter"]
[Result "1/2-1/2"]
[WhiteElo "2340"]
[BlackElo "2330"]

1.e4 c5 2.Nf3 d6 3.d4 Nf6 4.Nc3 cxd4 5.Nxd4 a6 6.Be3 e5 7.Nb3 Be6 8.Qd2 Be7
9.f3 Nbd7 10.g4 b5 11.g5 Nh5 12.O-O-O O-O 13.Nd5 Bxd5 14.exd5 b4 15.Kb1 a5
16.Nc1 f5 17.gxf6 Rxf6 18.Nd3 Nb6 19.Qg2 Nxd5 20.Bc1 Ndf4 21.Nxf4 Nxf4 22.Bc4+ Kh8
23.Bxf4 Rxf4 24.Bd5 Rc8 25.Be4 Qc7 26.Rd2 Qd7 27.Rg1 Bf8 28.Qf1 Qa7 29.Rdg2 Qc5
30.Qd3 Qd4 31.Bxh7 Qxd3 32.Bxd3 Rxf3 33.Rg5 Rf6 34.Kc1 Rh6 35.R1g2 Re8 36.Bc4 Rd8
37.Bd5 Rc8 38.Kd2 Rh4 39.Bb3 Rh6 40.Kd3 Rh3+ 41.Ke4 Rh6 42.Kf5 Rf6+ 43.Ke4 Rh6  1/2-1/2